[Event "9th Semana Santa Alicante"]
[Site "San Vicente ESP"]
[Date "2025.04.19"]
[Round "6.19"]
[White "Diaz Perez, Michel Alejandro"]
[Black "Nurgaliyev, Sauat"]
[Result "1/2-1/2"]
[WhiteTitle "IM"]
[BlackTitle "IM"]
[WhiteElo "2474"]
[BlackElo "2386"]
[WhiteFideId "3517179"]
[BlackFideId "13726285"]
[EventDate "2025.04.16"]

1. e4 c5 2. Nf3 d6 3. d4 cxd4 4. Nxd4 Nf6 5. Nc3 a6 6. a4 g6 7. g3 Bg7 8. Bg2
O-O 9. O-O Bd7 10. h3 Nc6 11. Be3 Rc8 12. Qd2 Nxd4 13. Bxd4 Rc4 14. Rfe1 Qc8 15.
Bxf6 Bxf6 16. Nd5 Rxc2 17. Nxf6+ exf6 18. Qxd6 Be6 19. Qf4 f5 20. exf5 Bxf5 21.
Re7 Rxb2 22. Rae1 Qc3 23. Bd5 Rd2 24. Bxb7 a5 25. Qe5 Qd4 26. Qxd4 Rxd4 27. Bc6
Bc2 28. Ra7 Bxa4 29. Bxa4 Rxa4 30. Rae7 1/2-1/2

[Event "9th Semana Santa Alicante"]
[Site "San Vicente ESP"]
[Date "2025.04.19"]
[Round "6.20"]
[White "Vega Gutierrez, Sabrina"]
[Black "Gines Esteo, Pedro Antonio"]
[Result "1/2-1/2"]
[WhiteTitle "IM"]
[BlackTitle "GM"]
[WhiteElo "2380"]
[BlackElo "2469"]
[WhiteFideId "2219026"]
[BlackFideId "32080190"]
[EventDate "2025.04.16"]

1. e4 c5 2. Nf3 Nc6 3. d4 cxd4 4. Nxd4 Nf6 5. Nc3 d6 6. Bc4 Qb6 7. Nxc6 bxc6 8.
O-O e6 9. Re1 Be7 10. b3 O-O 11. Ba3 Qa5 12. Na4 Rd8 13. Qf3 Nd7 14. Qg3 Nb6 15.
Bb2 Qg5 16. Nxb6 Qxg3 17. hxg3 axb6 18. a4 d5 19. exd5 cxd5 20. Bb5 Ba6 21. Bxa6
Rxa6 22. Bd4 Rc8 23. c3 Bc5 24. Bxc5 Rxc5 25. Re3 Kf8 26. Rd1 Ra7 27. g4 Rac7
28. Rdd3 Ra5 29. Rd4 Rac5 30. Rdd3 Ra5 31. g5 b5 32. axb5 Rxb5 33. b4 Rb8 34. f4
g6 35. Kf2 Rc4 36. g3 Kg7 37. Re2 Rbc8 38. Ree3 h6 39. gxh6+ Kxh6 40. Ke2 Kg7
41. Kd2 Kf6 42. Re1 g5 43. Rf1 gxf4 44. Rxf4+ Rxf4 45. gxf4 Kf5 46. Rd4 Rb8 47.
Ke3 Rc8 48. Kd3 Rb8 49. Ke3 f6 50. Kd3 Rd8 51. c4 dxc4+ 52. Kxc4 Rc8+ 53. Kd3
Rb8 54. Rc4 e5 1/2-1/2

[Event "9th Semana Santa Alicante"]
[Site "San Vicente ESP"]
[Date "2025.04.19"]
[Round "6.21"]
[White "Alonso Garcia, Aaron"]
[Black "Kiladze, Luka"]
[Result "1/2-1/2"]
[WhiteTitle "IM"]
[BlackTitle "FM"]
[WhiteElo "2462"]
[BlackElo "2380"]
[WhiteFideId "24521060"]
[BlackFideId "13623389"]
[EventDate "2025.04.16"]

1. e4 d5 2. exd5 Qxd5 3. Nc3 Qa5 4. d4 Nf6 5. Nf3 Bf5 6. Ne5 c6 7. Nc4 Qd8 8. g3
e6 9. Bg2 Bb4 10. O-O O-O 11. a4 a5 12. Nb1 Nbd7 13. c3 Be7 14. Nbd2 Nd5 15. Nb3
N7f6 16. Re1 Qc7 17. Qe2 b6 18. Ne5 Nd7 19. h4 Nxe5 20. dxe5 h6 21. Nd4 Bh7 22.
Bd2 Rad8 23. Rad1 Bc5 24. Bc1 Kh8 25. h5 Rd7 26. Nb3 Be7 27. f4 Rfd8 28. Kh2 c5
29. Be4 Bxe4 30. Qxe4 Qc6 31. Nd2 Bf8 32. Nf3 c4 33. Rd4 Qxa4 34. Rxc4 Qb3 35.
Qe2 b5 36. Re4 Bc5 37. Qg2 a4 38. R4e2 a3 39. Nd2 Qa4 40. b3 Qa7 41. Ne4 b4 42.
cxb4 Bxb4 43. Rg1 Nc3 44. Nxc3 Bxc3 45. g4 Rd1 46. Rxd1 Rxd1 47. Be3 Bd4 48. Rc2
Qa6 49. Rc6 Qd3 50. Bxd4 Qxd4 51. Rc4 Qd3 52. g5 Qd8 53. Rc2 hxg5 54. fxg5 Rd4
55. Qf2 Qd5 56. Rc8+ Kh7 57. g6+ fxg6 58. hxg6+ Kxg6 59. Qg3+ Kh7 60. Qh3+ Kg6
61. Qg3+ Kh7 62. Qh3+ 1/2-1/2

[Event "9th Semana Santa Alicante"]
[Site "San Vicente ESP"]
[Date "2025.04.19"]
[Round "6.23"]
[White "Plazuelo Pascual, Juan"]
[Black "Sherman, Raem"]
[Result "1-0"]
[WhiteTitle "IM"]
[BlackTitle "FM"]
[WhiteElo "2449"]
[BlackElo "2380"]
[WhiteFideId "32059566"]
[BlackFideId "2822288"]
[EventDate "2025.04.16"]

1. d4 Nf6 2. c4 e6 3. Nc3 Bb4 4. Qc2 d6 5. Bg5 h6 6. Bh4 Nbd7 7. e3 b6 8. Ne2
Bb7 9. f3 d5 10. cxd5 exd5 11. a3 Be7 12. O-O-O a6 13. Bf2 b5 14. g4 Nb6 15. h4
Qd6 16. Ng3 Qc6 17. Nf5 Bf8 18. e4 dxe4 19. fxe4 Nxg4 20. d5 Qg6 21. Bd4 Nd7 22.
Rg1 h5 23. e5 c5 24. dxc6 Bxc6 25. e6 Qxe6 26. Bh3 f6 27. Rge1 Nde5 28. Bxe5
fxe5 29. Rd6 Qc4 30. Bxg4 hxg4 31. Rxe5+ Kf7 32. Ne3 1-0

[Event "9th Semana Santa Alicante"]
[Site "San Vicente ESP"]
[Date "2025.04.19"]
[Round "6.24"]
[White "Perea Fruet, Lorenzo"]
[Black "Raczek, Krzysztof"]
[Result "1/2-1/2"]
[WhiteTitle "FM"]
[BlackTitle "IM"]
[WhiteElo "2374"]
[BlackElo "2448"]
[WhiteFideId "24595870"]
[BlackFideId "21005303"]
[EventDate "2025.04.16"]

1. e4 c6 2. Nf3 d5 3. Nc3 Bg4 4. h3 Bxf3 5. Qxf3 e6 6. Be2 Bc5 7. Qg3 Bd4 8.
exd5 exd5 9. O-O Nd7 10. Bd1 Ne7 11. Ne2 Be5 12. Qf3 d4 13. c3 Nc5 14. b4 Ne6
15. Bb3 O-O 16. Bb2 Ng6 17. Rae1 dxc3 18. dxc3 Qf6 19. Qg4 Nef4 20. Nxf4 Nxf4
21. Bc1 Ne6 1/2-1/2

[Event "9th Semana Santa Alicante"]
[Site "San Vicente ESP"]
[Date "2025.04.19"]
[Round "6.25"]
[White "Dushyant, Sharma"]
[Black "Cieslak, Patryk"]
[Result "1/2-1/2"]
[WhiteTitle "IM"]
[BlackTitle "FM"]
[WhiteElo "2313"]
[BlackElo "2432"]
[WhiteFideId "25065130"]
[BlackFideId "21078882"]
[EventDate "2025.04.16"]

1. e4 c6 2. d4 d5 3. exd5 cxd5 4. Bd3 Nf6 5. h3 Nc6 6. c3 e5 7. dxe5 Nxe5 8. Nf3
Nxd3+ 9. Qxd3 Bd6 10. O-O O-O 11. Bg5 h6 12. Bh4 g5 13. Bg3 Bxg3 14. fxg3 Ne4
15. Nd4 Qd6 16. g4 Bd7 17. Nd2 Rae8 18. Nxe4 Rxe4 19. Qd2 f6 20. Rf3 Kg7 21. Ne2
Qc5+ 22. Kh1 Re5 23. Nd4 1/2-1/2

[Event "9th Semana Santa Alicante"]
[Site "San Vicente ESP"]
[Date "2025.04.19"]
[Round "6.26"]
[White "Chueca Forcen, Alberto"]
[Black "Gormally, Daniel W"]
[Result "0-1"]
[WhiteTitle "IM"]
[BlackTitle "GM"]
[WhiteElo "2302"]
[BlackElo "2428"]
[WhiteFideId "2269902"]
[BlackFideId "406465"]
[EventDate "2025.04.16"]

1. Nf3 Nf6 2. c4 e6 3. Nc3 Bb4 4. Qc2 O-O 5. a3 Bxc3 6. Qxc3 b6 7. b4 Bb7 8. Bb2
d6 9. g3 Nbd7 10. Bg2 c5 11. O-O Qe7 12. e3 Rfc8 13. Rac1 a6 14. Rfd1 Rc7 15. d4
Be4 16. dxc5 bxc5 17. Qd2 Ne8 18. Qe2 Nb6 19. Bf1 cxb4 20. axb4 Nxc4 21. Rxc4
Rxc4 22. Qxc4 Bxf3 23. Rc1 e5 24. Bg2 Bxg2 25. Kxg2 Qb7+ 26. e4 h6 27. Qc6 Rb8
28. Ba3 Qb5 29. Rc4 Kh7 30. Rc3 Nf6 31. Rc4 Rb6 32. Qc8 Rb8 33. Qc6 Rd8 34. Kf3
d5 35. exd5 Rxd5 36. Bc1 Rd3+ 37. Ke2 Rb3 38. Qxb5 axb5 39. Rc5 Rxb4 40. Rxe5
Ng4 41. Re7 Kg6 42. h3 Nf6 43. Rb7 Rb3 44. Bd2 Ne4 45. Be1 Ng5 46. Rb6+ f6 47.
h4 Nf7 48. Rb7 Rb2+ 49. Kf3 Ne5+ 50. Ke3 h5 51. Rb8 Kf5 52. Rb7 g6 53. Bc3 Ng4+
54. Kd4 Rxf2 55. Rxb5+ Ne5 56. Kd5 Rf3 57. Be1 Rf1 58. Ba5 Rd1+ 59. Kc5 Rd3 60.
Be1 Rd1 61. Ba5 Kg4 62. Bc7 Kxg3 63. Bxe5+ fxe5 64. Rb6 e4 65. Rxg6+ Kxh4 66.
Re6 Re1 67. Kd4 Kh3 68. Ke5 Kg4 69. Rg6+ Kf3 70. Rf6+ Ke3 71. Ra6 h4 72. Ra4 Kf3
73. Kf5 h3 74. Ra2 e3 75. Rb2 Kg3 76. Rb4 h2 0-1

[Event "9th Semana Santa Alicante"]
[Site "San Vicente ESP"]
[Date "2025.04.19"]
[Round "6.27"]
[White "Garcia Ramos, Daniel"]
[Black "Lopez Varela, Pablo"]
[Result "1/2-1/2"]
[WhiteTitle "IM"]
[BlackTitle "FM"]
[WhiteElo "2428"]
[BlackElo "2350"]
[WhiteFideId "32010311"]
[BlackFideId "32092105"]
[EventDate "2025.04.16"]

1. e4 g6 2. d4 Bg7 3. Nf3 d6 4. Be3 Nf6 5. Nc3 c6 6. Qd2 b5 7. Bd3 O-O 8. a4 b4
9. Ne2 a5 10. Ng3 c5 11. Bh6 cxd4 12. Bxg7 Kxg7 13. Nxd4 Qb6 14. Nf3 Qc5 15. O-O
Nc6 16. Rac1 Ne5 17. Nxe5 Qxe5 18. c3 bxc3 19. Qxc3 Qxc3 20. Rxc3 Bd7 21. b3
Rfc8 22. Rfc1 Rxc3 23. Rxc3 Rc8 24. Rxc8 Bxc8 25. Ne2 Be6 26. Nd4 Nd7 27. Kf1
Nc5 28. Bc2 Bd7 29. Ke1 e5 30. Ne2 Be6 31. Nc1 f5 32. f3 fxe4 33. fxe4 d5 34.
exd5 Bxd5 35. g3 Kf6 36. Kd2 e4 37. Kc3 Ke5 38. b4 axb4+ 39. Kxb4 Ne6 40. Kc3
Nd4 1/2-1/2

[Event "9th Semana Santa Alicante"]
[Site "San Vicente ESP"]
[Date "2025.04.19"]
[Round "6.28"]
[White "Marin, Mihail"]
[Black "Navarro Martinez, Victor"]
[Result "1-0"]
[WhiteTitle "GM"]
[BlackTitle "FM"]
[WhiteElo "2426"]
[BlackElo "2133"]
[WhiteFideId "1200020"]
[BlackFideId "54509963"]
[EventDate "2025.04.16"]

1. Nf3 d5 2. g3 Bg4 3. Bg2 c6 4. O-O Nd7 5. d3 Ngf6 6. c4 dxc4 7. dxc4 e6 8. Nc3
Be7 9. b3 Qa5 10. Bb2 Qh5 11. Ne1 Bb4 12. f3 Bc5+ 13. Kh1 Bh3 14. Nd3 Be3 15.
Qc2 e5 16. Nd1 Bb6 17. c5 Bc7 18. e4 Be6 19. Ne3 Qg6 20. Rae1 O-O-O 21. f4 exf4
22. gxf4 Qh6 23. e5 Ng4 24. Nxg4 Bxg4 25. Nf2 Qxf4 26. Ne4 Qh6 27. Nd6+ Bxd6 28.
cxd6 Be6 29. b4 Qg6 30. Be4 Bd5 31. Rf3 Bxe4 32. Qxe4 Qe6 33. b5 c5 34. Ra3 Kb8
35. Qa4 Qd5+ 36. Kg1 Qd2 37. Qxa7+ Kc8 38. Rc1 Qb4 39. Qa8+ Nb8 40. Qa4 Qxb2 41.
Rxc5+ Kd7 42. Rc7+ Ke8 43. Re7+ Kf8 44. Rxf7+ Kxf7 45. Qc4+ Kg6 46. Qg4+ Kh6 47.
Rh3# 1-0

[Event "9th Semana Santa Alicante"]
[Site "San Vicente ESP"]
[Date "2025.04.19"]
[Round "6.29"]
[White "Garcia Martin, Marta"]
[Black "Pranav, Anand"]
[Result "0-1"]
[WhiteTitle "IM"]
[BlackTitle "GM"]
[WhiteElo "2323"]
[BlackElo "2538"]
[WhiteFideId "32084030"]
[BlackFideId "46626786"]
[EventDate "2025.04.16"]

1. d4 Nf6 2. c4 e6 3. Nf3 d5 4. g3 Bb4+ 5. Nbd2 O-O 6. Bg2 Re8 7. O-O b6 8. b3
a5 9. Bb2 Bb7 10. Rc1 Bf8 11. Ne5 c5 12. e3 Na6 13. cxd5 exd5 14. Re1 Rc8 15.
dxc5 Nxc5 16. Ndf3 Nfe4 17. Nd3 Nxd3 18. Qxd3 Bc5 19. Nd4 Qf6 20. Rc2 Qg6 21.
Rec1 Rcd8 22. Qf1 Bc8 23. Bh3 f5 24. a3 Qh5 25. Bg2 Bd7 26. Qe1 Kh8 27. b4 axb4
28. axb4 Bd6 29. Nc6 Rc8 30. Qf1 Ng5 31. Nd4 Rxc2 32. Rxc2 Ne4 33. Qa1 Qf7 34.
Qa7 Qe7 35. Nc6 Qe6 36. Qxb6 f4 37. Qd4 Nf6 38. gxf4 Qf5 39. Rc1 Qg6 40. Kh1 Ng4
41. Qxd5 Qh6 42. Kg1 Qxh2+ 43. Kf1 Qh4 44. Rc2 Rxe3 45. Bxg7+ Kxg7 46. Qd4+ Qf6
47. Rd2 Nh2+ 48. Kg1 Re1+ 0-1

[Event "9th Semana Santa Alicante"]
[Site "San Vicente ESP"]
[Date "2025.04.19"]
[Round "6.30"]
[White "Toncheva, Nadya"]
[Black "Vrolijk, Liam"]
[Result "0-1"]
[WhiteTitle "FM"]
[BlackTitle "GM"]
[WhiteElo "2318"]
[BlackElo "2520"]
[WhiteFideId "2924056"]
[BlackFideId "1048333"]
[EventDate "2025.04.16"]

1. e4 e5 2. Nf3 Nc6 3. Bb5 a6 4. Ba4 Nge7 5. c3 f6 6. O-O d5 7. exd5 Qxd5 8. Bb3
Qd3 9. Bc2 Qd6 10. d4 exd4 11. Nxd4 Nxd4 12. cxd4 Be6 13. Qe2 O-O-O 14. Bf4 Qxf4
15. Qxe6+ Kb8 16. Nc3 Nc6 17. d5 Ne5 18. Qf5 Qxf5 19. Bxf5 Bb4 20. Rfd1 g6 21.
Be6 f5 22. Ne2 Rhe8 23. Rac1 Ba5 24. Kf1 Ng4 25. h3 Nf6 26. g4 fxg4 27. hxg4 c6
28. g5 Ne4 29. Bg4 Rf8 30. f3 Nxg5 31. dxc6 Rxd1+ 32. Rxd1 Nxf3 33. Bxf3 Rxf3+
34. Kg2 Re3 35. Nd4 Bb6 36. cxb7 Kxb7 37. Nf3 Kc6 38. Rd2 h6 39. Nh4 Re4 40. Kh3
g5 41. Nf5 Bc7 42. a3 h5 43. b4 Rf4 44. Nd4+ Kb6 45. Kg2 Rg4+ 46. Kf2 h4 47. Ne2
h3 48. Rd3 Rg2+ 49. Kf1 g4 50. Rd5 g3 51. Rf5 Rxe2 52. Kxe2 h2 0-1

[Event "9th Semana Santa Alicante"]
[Site "San Vicente ESP"]
[Date "2025.04.19"]
[Round "6.31"]
[White "Berdayes Ason, Dylan Isidro"]
[Black "Sinz, Bernhard"]
[Result "1-0"]
[WhiteTitle "GM"]
[BlackTitle "FM"]
[WhiteElo "2478"]
[BlackElo "2313"]
[WhiteFideId "3516016"]
[BlackFideId "4618807"]
[EventDate "2025.04.16"]

1. d4 d5 2. c4 c6 3. Nf3 Nf6 4. e3 Bf5 5. Nc3 e6 6. Nh4 Be4 7. f3 Bg6 8. Bd2
dxc4 9. Bxc4 b5 10. Nxg6 hxg6 11. Bd3 Nbd7 12. Qe2 Be7 13. O-O-O Rc8 14. Kb1 b4
15. Ne4 O-O 16. h4 c5 17. Ng5 Nb6 18. dxc5 Bxc5 19. f4 Nh5 20. Rh3 Qe7 21. g4
Nf6 22. h5 gxh5 23. Ne4 Nxe4 24. Bxe4 f5 25. gxf5 Rxf5 26. Bc1 Qf7 27. Rdh1 g6
28. Rg3 Kh7 29. Bc2 Bf8 30. Bxf5 exf5 31. e4 Re8 32. e5 Re6 33. Rd1 Nd7 34. Be3
a5 35. Qb5 Nxe5 36. fxe5 f4 37. Rf3 Qf5+ 38. Qd3 Qxd3+ 39. Rxd3 g5 40. Bxf4 gxf4
41. Rxf4 Rxe5 42. Rxf8 1-0

[Event "9th Semana Santa Alicante"]
[Site "San Vicente ESP"]
[Date "2025.04.19"]
[Round "6.32"]
[White "Sai Agni Jeevitesh, J"]
[Black "Santiago, Yago De Moura"]
[Result "0-1"]
[WhiteTitle "IM"]
[BlackTitle "GM"]
[WhiteElo "2309"]
[BlackElo "2475"]
[WhiteFideId "5070147"]
[BlackFideId "2103877"]
[EventDate "2025.04.16"]

1. d4 d5 2. Nf3 Nf6 3. c4 dxc4 4. e3 Bg4 5. Bxc4 e6 6. O-O Nc6 7. Be2 Bd6 8. Nc3
O-O 9. b3 Nd5 10. Bb2 Qe8 11. h3 Bh5 12. Nd2 Bg6 13. Nb5 a6 14. Nxd6 cxd6 15. a3
e5 16. dxe5 dxe5 17. Bh5 f6 18. Bxg6 Qxg6 19. Rc1 Rad8 20. Qe2 Rd7 21. b4 Nb6
22. Nb3 Na4 23. Nc5 Nxc5 24. Rxc5 Qd3 25. Qxd3 Rxd3 26. b5 axb5 27. Rxb5 Rd7 28.
Rb1 Ra8 29. Kf1 Ra4 30. Ke2 Rc4 31. Rc1 Rxc1 32. Bxc1 Kf7 33. g4 Ne7 34. Bd2 Nd5
35. Rc5 Ke6 36. Rc8 Ne7 37. Re8 Kd5 38. f4 exf4 39. exf4 Kc4 40. g5 fxg5 41.
fxg5 g6 42. Bb4 Nc6 43. Bf8 Rd3 44. h4 Rh3 45. Bh6 Rxh4 46. Rh8 Re4+ 47. Kf3 Re7
48. Rc8 Kd3 49. Bf8 Rf7+ 50. Kg3 Ke4 51. Re8+ Kf5 52. Bh6 Nd4 53. Rd8 Ne6 54.
Rd5+ Ke4 55. Rb5 Nd4 56. Rb4 Kd5 57. a4 Kc5 58. Rb2 Kc4 59. Kg4 Nb3 60. Re2 Nc5
61. a5 Kb4 62. Re5 Nb3 63. Re8 Nxa5 64. Bf8+ Kc4 65. Be7 Nc6 66. Bf6 b5 67. Kf4
b4 68. Ke4 b3 69. Rc8 Rxf6 70. gxf6 b2 71. Rxc6+ Kb5 0-1

[Event "9th Semana Santa Alicante"]
[Site "San Vicente ESP"]
[Date "2025.04.19"]
[Round "6.33"]
[White "Castellanos Rodriguez, Renier"]
[Black "Chavez Suarez, Carlos Alberto"]
[Result "1-0"]
[WhiteTitle "GM"]
[BlackTitle "FM"]
[WhiteElo "2471"]
[BlackElo "2308"]
[WhiteFideId "3404650"]
[BlackFideId "3520676"]
[EventDate "2025.04.16"]

1. e4 c5 2. Nf3 a6 3. g3 g6 4. Bg2 Bg7 5. c3 d5 6. e5 Nc6 7. d4 cxd4 8. cxd4 Bg4
9. O-O f6 10. exf6 Nxf6 11. h3 Bxf3 12. Bxf3 O-O 13. Nc3 Qd7 14. Bg2 e6 15. Be3
Ne8 16. Na4 Qf7 17. Nc5 Nd6 18. Qb3 Kh8 19. Rad1 Rac8 20. Kh2 Nb5 21. Qa4 Nbxd4
22. Rxd4 Nxd4 23. Bxd4 e5 24. Be3 d4 25. Nxb7 Rb8 26. Qxa6 dxe3 27. fxe3 Qd7 28.
Rxf8+ Rxf8 29. Nd6 Qe6 30. Qa3 Bh6 31. Ne4 Qb6 32. h4 Qxe3 33. Qe7 Qb6 34. b4
Bg7 35. a4 Qd8 36. Qe6 Qe8 37. Qb3 Qf7 38. Qc3 Qa2 39. a5 Rb8 40. Nd6 h5 41. b5
Rf8 42. Ne4 Qa4 43. b6 Qb5 44. Nd6 Qa6 45. Qc5 e4 46. Nxe4 Rf5 47. Qd6 Kh7 48.
b7 Qxd6 49. Nxd6 Rf8 50. a6 Bd4 51. Nc8 1-0

[Event "9th Semana Santa Alicante"]
[Site "San Vicente ESP"]
[Date "2025.04.19"]
[Round "6.34"]
[White "Camacho Collados, Marcos"]
[Black "Lazaro Pujol, Abel"]
[Result "1-0"]
[WhiteTitle "IM"]
[BlackTitle "FM"]
[WhiteElo "2468"]
[BlackElo "2307"]
[WhiteFideId "2266237"]
[BlackFideId "24596728"]
[EventDate "2025.04.16"]

1. Nf3 d5 2. e3 Nf6 3. b3 e6 4. Bb2 Bd6 5. d4 O-O 6. Bd3 b6 7. O-O Bb7 8. Ne5 c5
9. Nd2 Nc6 10. a3 Ne7 11. f4 Rc8 12. Qe2 b5 13. dxc5 Bxc5 14. b4 Bb6 15. Nb3 Ne4
16. Bd4 f6 17. Bxb6 axb6 18. Nf3 Nc3 19. Qe1 Qd6 20. Qh4 h6 21. Nbd4 Bc6 22.
Nxc6 Nxc6 23. Qh5 f5 24. Kh1 Rf6 25. Qh4 d4 26. exd4 Nxd4 27. Ne5 Nc6 28. Rae1
Qd4 29. Nf3 Qd6 30. Rf2 Ra8 31. Ne5 Rxa3 32. Rf3 Nd5 33. Nxc6 Qxc6 34. Bxb5 Qa8
35. Bc6 Qa7 36. Bxd5 exd5 37. Qf2 Ra1 38. Re3 Rxe1+ 39. Rxe1 Qc7 40. h4 Rc6 41.
Qf3 Qd8 42. Qh5 Rc8 43. Re6 b5 44. Kg1 Qf8 45. c3 Qf7 46. Qxf7+ Kxf7 47. Re5 Kf6
48. Rxd5 Rxc3 49. Rxb5 Rb3 50. Rb6+ Kf7 51. h5 Rb2 52. Kh2 Rb3 53. b5 Rb2 54.
Kh3 Rb3+ 55. g3 Rb2 56. Rb8 Kf6 57. b6 g5 58. hxg6 Kxg6 59. b7 Kh5 60. Rf8 Rxb7
61. Rxf5+ Kg6 62. Ra5 Rb4 63. Ra6+ Kg7 64. Kg4 Rb3 65. Re6 Ra3 66. Kh4 Rb3 67.
Ra6 Rb5 68. Ra7+ Kf6 69. Kg4 Rb3 70. Kh4 Rb5 71. Ra1 Kg6 72. g4 Rb3 73. f5+ Kf6
74. Ra6+ Kg7 75. Ra7+ Kg8 76. Kh5 Rb4 77. Ra6 1-0

[Event "9th Semana Santa Alicante"]
[Site "San Vicente ESP"]
[Date "2025.04.19"]
[Round "6.35"]
[White "George Samir, David"]
[Black "Brodowski, Piotr"]
[Result "1-0"]
[WhiteTitle "FM"]
[BlackTitle "IM"]
[WhiteElo "2303"]
[BlackElo "2461"]
[WhiteFideId "10657789"]
[BlackFideId "1124480"]
[EventDate "2025.04.16"]

1. e4 e5 2. Nf3 Nc6 3. Bb5 a6 4. Ba4 Nf6 5. O-O d6 6. c3 Bd7 7. Re1 g6 8. h3 Bg7
9. d4 O-O 10. Nbd2 exd4 11. cxd4 Nb4 12. Bb3 Nd3 13. Re3 Nxc1 14. Rxc1 Bc6 15.
e5 Nd5 16. Re1 Nf4 17. Nc4 a5 18. Kh2 Bh6 19. g3 a4 20. Bc2 Nd5 21. Ra1 Nb4 22.
Bb1 dxe5 23. Nfxe5 Bb5 24. a3 Nc6 25. Nxc6 Bxc6 26. Be4 Qf6 27. Bxc6 bxc6 28.
Kg2 Rfd8 29. Re5 Rab8 30. Qxa4 c5 31. dxc5 Rd3 32. Re8+ Rxe8 33. Qxe8+ Bf8 34.
Ne5 Rd8 35. Ng4 Qd4 36. Qe5 Bxc5 37. Rc1 Bb6 38. Qxd4 Rxd4 39. Rc2 Rd3 40. Ne5
Rb3 41. Nc6 Kf8 42. a4 1-0

[Event "9th Semana Santa Alicante"]
[Site "San Vicente ESP"]
[Date "2025.04.19"]
[Round "6.36"]
[White "Jain, Kashish Manoj"]
[Black "Bhagat Kush"]
[Result "1-0"]
[WhiteTitle "FM"]
[BlackTitle "FM"]
[WhiteElo "2459"]
[BlackElo "2301"]
[WhiteFideId "35081098"]
[BlackFideId "46672940"]
[EventDate "2025.04.16"]

1. e4 c5 2. Nf3 d6 3. d4 cxd4 4. Nxd4 Nf6 5. Nc3 Nc6 6. Bg5 e6 7. Qd2 a6 8.
O-O-O Bd7 9. Kb1 Nxd4 10. Qxd4 Be7 11. f3 Qc7 12. Qd2 b5 13. g4 h5 14. gxh5 b4
15. Ne2 Rxh5 16. Ng3 Rxg5 17. Qxg5 Nxe4 18. Qe3 Nc3+ 19. bxc3 bxc3 20. Ka1 Rb8
21. Rb1 Rxb1+ 22. Kxb1 d5 23. Kc1 Qb7 24. Qxc3 Bg5+ 25. Kd1 Qb1+ 26. Ke2 d4 27.
Qb3 Qc1 28. Kf2 Bf4 29. Qd3 e5 30. Kg2 1-0

[Event "9th Semana Santa Alicante"]
[Site "San Vicente ESP"]
[Date "2025.04.19"]
[Round "6.37"]
[White "Navrotescu, Andreea"]
[Black "Zwirs, Nico"]
[Result "1/2-1/2"]
[WhiteTitle "WGM"]
[BlackTitle "IM"]
[WhiteElo "2301"]
[BlackElo "2457"]
[WhiteFideId "675946"]
[BlackFideId "1036432"]
[EventDate "2025.04.16"]

1. d4 Nf6 2. c4 e6 3. Nc3 Bb4 4. Qc2 O-O 5. e4 d6 6. Nf3 c5 7. a3 Bxc3+ 8. bxc3
e5 9. d5 h6 10. g3 Nbd7 11. Be2 Nb6 12. h3 Bd7 13. g4 Nh7 14. Nd2 Na4 15. Rb1
Rb8 16. h4 Qa5 17. Rb3 f6 18. Qd3 Qd8 19. Qg3 a6 20. Nf3 g5 21. hxg5 hxg5 22.
Qh3 Qe7 23. Nd2 b5 24. cxb5 axb5 25. Nf1 c4 26. Rb1 Rf7 27. Bd2 Ra8 28. Ng3 Nc5
29. Bc1 Rg7 30. Qh6 Nb3 31. Bb2 Ra7 32. Bf3 Bc8 33. Ke2 Qd8 34. Nh5 1/2-1/2

[Event "9th Semana Santa Alicante"]
[Site "San Vicente ESP"]
[Date "2025.04.19"]
[Round "6.38"]
[White "Ruiz Vazquez, Javier"]
[Black "Sowinski, Pawel"]
[Result "0-1"]
[WhiteTitle "CM"]
[BlackTitle "IM"]
[WhiteElo "2279"]
[BlackElo "2428"]
[WhiteFideId "54727308"]
[BlackFideId "21881979"]
[EventDate "2025.04.16"]

1. e4 c6 2. Nc3 d5 3. Nf3 a6 4. h3 d4 5. Ne2 c5 6. Ng3 Nc6 7. a4 g6 8. Bc4 Bg7
9. d3 Nf6 10. Bd2 O-O 11. O-O Ne8 12. Qc1 Nd6 13. Bb3 e5 14. Bg5 Bf6 15. Bh6 Re8
16. Ng5 Bg7 17. Bxg7 Kxg7 18. f4 f6 19. fxe5 Nxe5 20. Nf3 Qe7 21. Bd5 Bd7 22. b3
Rf8 23. Qf4 Rae8 24. Rf2 b6 25. Kh1 Nxf3 26. Rxf3 Qe5 27. Raf1 Qxf4 28. Rxf4 Re5
29. h4 h6 30. Kg1 f5 31. R4f2 g5 32. hxg5 hxg5 33. Bc4 f4 34. Bd5 Bg4 35. Ne2
Bxe2 36. Rxe2 Nf5 37. Rb1 Ne3 38. Bb7 a5 39. Rc1 g4 40. Kf2 Nxg2 41. c3 dxc3 42.
Rxc3 Ne3 43. Rc1 Rh8 44. Rxe3 Rh2+ 45. Kg1 Reh5 46. e5 fxe3 47. Re1 R2h3 48. Bg2
Rg3 49. Re2 Rxe5 50. Kh2 Rf3 0-1

[Event "9th Semana Santa Alicante"]
[Site "San Vicente ESP"]
[Date "2025.04.19"]
[Round "6.39"]
[White "Sriansh Das"]
[Black "Movsziszian, Karen"]
[Result "1-0"]
[WhiteTitle "FM"]
[BlackTitle "GM"]
[WhiteElo "2278"]
[BlackElo "2417"]
[WhiteFideId "45030081"]
[BlackFideId "13301152"]
[EventDate "2025.04.16"]

1. e4 d6 2. d4 g6 3. Nc3 Bg7 4. Be3 c6 5. a4 Nf6 6. Nf3 O-O 7. h3 Nbd7 8. Be2
Qc7 9. O-O a5 10. Nd2 e5 11. dxe5 dxe5 12. Nc4 Rd8 13. Qd6 Ne8 14. Qxc7 Nxc7 15.
Bg4 Ne6 16. Bxe6 fxe6 17. Rfd1 Bf6 18. Rd2 Nf8 19. Rxd8 Bxd8 20. Rd1 Bf6 21. Nb6
Rb8 22. Bc5 1-0

[Event "9th Semana Santa Alicante"]
[Site "San Vicente ESP"]
[Date "2025.04.19"]
[Round "6.40"]
[White "Kulon, Klaudia"]
[Black "Shamatava, Nikolozi"]
[Result "1-0"]
[WhiteTitle "IM"]
[BlackTitle "FM"]
[WhiteElo "2408"]
[BlackElo "2292"]
[WhiteFideId "1131044"]
[BlackFideId "13619950"]
[EventDate "2025.04.16"]

1. d4 Nf6 2. Bg5 e6 3. Nd2 h6 4. Bh4 c5 5. c3 Nc6 6. e3 d5 7. Bd3 Be7 8. f4 O-O
9. Ngf3 cxd4 10. exd4 Nh5 11. Bxe7 Qxe7 12. g3 f5 13. Ne5 Qe8 14. Ndf3 Nf6 15.
O-O Ne4 16. Re1 Bd7 17. Nxc6 bxc6 18. Ne5 Rb8 19. Bxe4 fxe4 20. b4 Qd8 21. Rb1
Be8 22. Qe2 Qc7 23. Rb3 Kh7 24. Ra3 Rb5 25. Rf1 c5 26. dxc5 Rxc5 27. c4 Rxc4 28.
Nxc4 Bb5 29. Qe3 Qxc4 30. Rc1 Qxb4 31. Rb3 Qa5 32. Qc5 Rb8 33. f5 Qd2 34. fxe6
Bc4 35. Qe3 Qxe3+ 36. Rxe3 Bxa2 37. Ra3 Bc4 38. Rxa7 Re8 39. e7 e3 40. Rc3 e2
41. Kf2 g6 42. Rf3 Kg7 43. h4 Bb5 44. Rf4 Kg8 45. Rb7 Bc6 46. Rc7 Bb5 47. g4 Bc4
48. Rd7 Kg7 49. Ke1 Ba6 50. g5 hxg5 51. hxg5 Bd3 52. Rxd5 Bf5 53. Re5 Kf7 54.
Kxe2 Rxe7 55. Rxe7+ Kxe7 56. Ke3 Ke6 57. Kd4 Kd6 58. Rf1 Ke6 59. Rf2 Bg4 60.
Rf6+ 1-0